000 00514pam a2200193 a 4500
020 _c
040 _aMedical College Lib.
041 _aENG
_hENG
082 _a618.05
_bSTU
100 _aStudd, J. .
245 _aProgress in Obstetrics & Gynaecology No. - 13 /
_c
_hTextual Documents
260 _a :
_bChurchill Liv. ,
_c1998.
300 _a736 ;
_c
365 _a1,012=00
653 _aObst & Gynac
_aMedical Science
930 _a2150
999 _c2149
_d2149